| 000 | 00842nam a22002177a 4500 | ||
|---|---|---|---|
| 999 |
_c6562 _d6562 |
||
| 003 | AR-CdUCM | ||
| 008 | 190318b ||||| |||| 00| 0 spa d | ||
| 040 |
_aMUNICIPALIDAD PROVINCIAL DEL CUSCO _cBIBLIOTECA MUNICIPAL DEL CUSCO |
||
| 082 |
_a036 / _bAL45 |
||
| 100 |
_aAlosno, Martín _918514 |
||
| 245 |
_aEnciclopedia del idioma : _bDiccionario histórico y moderno de la lengua española (siglo XII al XX) etimología, tecnológico, regional e hispanoamericano / |
||
| 260 |
_aMadrid : _bAguilar, _c1958. |
||
| 300 |
_a3 tomos ; _c27 cm. |
||
| 500 | _aTexto en dos columnas. | ||
| 505 | _aContenido: t.1: Primera letra de nuestro abecedario-Chuzquear -- t.2: D, d. f.-My -- t.3. Letras de la N - Z. | ||
| 650 |
_aEnciclopedia _918075 |
||
| 650 |
_aEspañol _97869 |
||
| 650 |
_aDiccionario _95196 |
||
| 942 |
_2ddc _cLIBROS |
||
| 945 | _aachl | ||